000 01074nam a2200289 i 4500
003 DO-SdBNP
005 20250318091238.0
007 ta
008 240322s2023 dr 001 0dspa d
020 _a9789945250817
040 _aDO-SdBNP
_bspa
_cBNPHU
_erda
082 4 _a923.2
_bC111F
_222
100 1 _aCaamaño Deñó, Francisco Alberto,
_d1932-1973
_eautor
_4aut.
_962270
245 1 4 _aCorrespondencia (1966 a 1973) /
_cFrancisco Caamaño Deñó ; editor, Andrés Blanco Díaz
264 4 _aSanto Domingo :
_bArchivo General de la Nación (AGN),
_c2023.
300 _a508 páginas :
_bfotografías ;
_c23 cm.
336 _atexto
_btxt
_2rdacontent
337 _asin mediación
_bn
_2rdamedia
338 _avolumen
_bnc
_2rdacarrier
490 _aColección del Archivo General de la Nación
_v498
590 _aInventariado, 2024/ DG
600 1 0 _aCaamaño Deñó, Francisco Alberto,
_d1932-1973
_xCorrespondencia
_985085
651 4 _aRepública Dominicana
_xHistoria
_9170
700 _aBlanco Díaz, Andrés,
_eeditor
_4ed.
_9172
910 _aDG
942 _2ddc
_cLBS1
999 _c56183
_d56183